| 000 | 01209cam a22003138a 4500 | ||
|---|---|---|---|
| 005 | 20260322212025.0 | ||
| 008 | data | ||
| 010 | _a 2009039732 | ||
| 020 | _a9780674048225 (alk. paper) | ||
| 020 | _a0674048229 | ||
| 040 |
_aDLC _cDLC |
||
| 050 | 0 | 0 |
_aHV6545 _b.J648 2010 |
| 082 | 0 | 0 |
_a362.28 _222 |
| 096 | _aWM 165 J648 2010 | ||
| 100 | 1 | _aJoiner, Thomas E. | |
| 245 | 1 | 0 |
_aMyths about suicide / _cThomas E. Joiner. |
| 260 |
_aCambridge, Mass. : _bHarvard University Press, _c2010. |
||
| 263 | _a1004 | ||
| 300 | _ap. cm. | ||
| 504 | _aIncludes bibliographical references and index. | ||
| 505 | 0 | _aIntroduction : our most basic terror and our most tragic thoughts -- The suicidal mind -- Suicidal behavior -- Causes, consequences, and subpopulations -- Conclusion : stigma-the future of a partial illusion. | |
| 650 | 0 | _aSuicide. | |
| 650 | 0 |
_aSuicide victims _xPsychology. |
|
| 906 |
_a7 _bcbc _corignew _d1 _eecip _f20 _gy-gencatlg |
||
| 925 | 0 |
_aacquire _b2 shelf copies _xpolicy default |
|
| 955 | _wrd05 2009-09-25 | ||
| 963 | _aAnne McGuire; phone: 617-495 8020; email: [email protected]; bc: [email protected] | ||
| 001 | data | ||
| 999 |
_c557 _d557 |
||